Header

Población, parentesco y red social en la frontera : (Registro nro. 32289)

Detalles MARC
000 -LEADER
campo de control de longitud fija 01013nam a2200313 a 4500
001 - NÚMERO DE CONTROL
campo de control 32289
003 - IDENTIFICADOR DE NÚMERO DE CONTROL
campo de control AR-BaAGN
005 - FECHA Y HORA DE LA ÚLTIMA TRANSACCIÓN
campo de control 20231223063004.0
007 - CAMPO FIJO DE DESCRIPCIÓN FÍSICA--INFORMACIÓN GENERAL
campo de control de longitud fija ta
008 - DATOS DE LONGITUD FIJA--INFORMACIÓN GENERAL
campo de control de longitud fija 220625s2000 xx |||||r|||| ||||||spa d
020 ## - NÚMERO INTERNACIONAL ESTÁNDAR DEL LIBRO
Número Internacional Estándar del Libro 987-544-007-8
040 ## - FUENTE DE CATALOGACIÓN
Centro/agencia modificador AR-BaAGN
Centro catalogador/agencia de origen AR-BaAGN
Lengua de catalogación español
Normas de descripción aacr
942 ## - ELEMENTOS DE ENTRADA SECUNDARIOS (KOHA)
Tipo de ítem Koha Libro
100 1# - ENTRADA PRINCIPAL--NOMBRE DE PERSONA
Nombre de persona Mateo, José
245 10 - MENCIÓN DEL TÍTULO
Título Población, parentesco y red social en la frontera :
Resto del título Lobos provincia de Buenos Aires en el siglo XIX
250 ## - MENCION DE EDICION
Mención de edición 1ª ed.
260 ## - PUBLICACIÓN, DISTRIBUCIÓN, ETC.
Lugar de publicación, distribución, etc. [Lugar de publicación no identificado] :
Nombre del editor, distribuidor, etc. Universidad nacional de Mar del Plata,
Fecha de publicación, distribución, etc. 2000.
300 ## - DESCRIPCIÓN FÍSICA
Extensión 309 páginas :
Otras características físicas mapas
336 ## - TIPO DE CONTENIDO
Fuente rdacontent
Código de tipo de contenido texto
337 ## - TIPO DE MEDIO
Fuente rdamedia
Código del tipo de medio no mediado
338 ## - TIPO DE SOPORTE
Fuente rdacarrier
Código del tipo de soporte volumen
650 #4 - PUNTO DE ACCESO ADICIONAL DE MATERIA--TÉRMINO DE MATERIA
Término de materia o nombre geográfico como elemento de entrada DEMOGRAFÍA
ID autoridades 1634
650 #4 - PUNTO DE ACCESO ADICIONAL DE MATERIA--TÉRMINO DE MATERIA
Término de materia o nombre geográfico como elemento de entrada ECONOMÍA
ID autoridades 1656
650 #4 - PUNTO DE ACCESO ADICIONAL DE MATERIA--TÉRMINO DE MATERIA
Término de materia o nombre geográfico como elemento de entrada SOCIEDAD
ID autoridades 1291
710 1# - ENTRADA AGREGADA--NOMBRE DE ENTIDAD CORPORATIVA
Nombre de entidad corporativa o nombre de jurisdicción como elemento de entrada Universidad Nacional de Mar del Plata.
Unidad subordinada Facultad de Humanidades.
-- Grupo de Investigaciones en Historia Rural Rioplatense
Existencias
Estado de retiro Estado de pérdida Estado de conservación Biblioteca actual Ubicación en estantería Signatura topográfica completa Código de barras Tipo de ítem Koha
      Biblioteca del Archivo General de la Nación AGN - Biblioteca AGN 12663 AGN-12663 Libro

Contacto

Dirección: Av. Leandro Alem 246, 3er piso (CABA).
Código postal: C1003AAP
Teléfono: 2206-0013
Correo electrónico: comunicacionagn@mininterior.gob.ar
Sitio Web: www.argentina.gob.ar/interior/archivo-general-de-la-nacion

AGN en las redes sociales

Facebook  /  Twitter  /  Instagram